[Event "Challenge"]
[Site "http://www.queenalice.com/game.php?id=716276"]
[Date "2010.1.19"]
[Round "-"]
[White "GIARDL01"]
[Black "mezthieu"]
[Result "0-1"]
[WhiteElo "1280"]
[BlackElo "1337"]

1. e3 e5 2. Qh5 Nc6 3. g4 Nf6 4. Qf5 d5 5. Qg5 Bxg4 6. Bb5 h6 7. Qh4 g5 8. Qg3
Qd6 9. b3 d4 10. Ba3 Qd5 11. Bc4 Qxh1 12. Bb5 O-O-O 13. Bb2 Ne7 14. Na3 Rd5 15.
Bc4 Nf5 16. Qxg4 Nxg4 17. Ke2 Ra5 18. Nf3 Qg2 19. Rf1 Bxa3 20. Bxa3 Rxa3 21. e4
Nd6 22. Ne1 Qxe4+ 23. Kd1 Rxa2 24. d3 Ra1+ 25. Kd2 Qf4+ 26. Ke2 Nxh2 27. f3 Nxf1
28. Kxf1 Qc1 29. Kg2 Qxe1 30. Bxf7 Nxf7 31. f4 gxf4 32. c4 Rg8+ 33. Kh3 Qh1# 0-1

[Event "AUTO-INT-1584"]
[Site "http://www.queenalice.com/game.php?id=717024"]
[Date "2010.1.20"]
[Round "1"]
[White "edlincoln"]
[Black "mezthieu"]
[Result "0-1"]
[WhiteElo "1688"]
[BlackElo "1277"]

1. e4 e5 2. Nf3 Nc6 3. Bc4 Bc5 4. O-O Nf6 5. Nc3 d6 6. a3 Bg4 7. b4 Bd4 8. Bb2
O-O 9. h3 Bh5 10. g4 Nxg4 11. hxg4 Bxg4 12. b5 Qf6 13. bxc6 Bxf3 14. Nd5 Qg5+
15. Kh2 Qg2# 0-1

[Event "AUTO-INT-1584"]
[Site "http://www.queenalice.com/game.php?id=717025"]
[Date "2010.1.20"]
[Round "1"]
[White "mezthieu"]
[Black "edlincoln"]
[Result "1-0"]
[WhiteElo "1307"]
[BlackElo "1658"]

1. e4 e5 2. Nf3 Nc6 3. Bc4 Bc5 4. d3 Nf6 5. Nc3 O-O 6. Bg5 h6 7. Bh4 a6 8. Nd5
g5 9. Bxg5 hxg5 10. Nxg5 Nxe4 11. Nxe4 b5 12. Qg4+ Kh7 13. Nef6+ Kh8 14. Qh5+
Kg7 15. Qh7# 1-0

[Event "AUTO-INT-1584"]
[Site "http://www.queenalice.com/game.php?id=717036"]
[Date "2010.1.20"]
[Round "1"]
[White "geosus"]
[Black "mezthieu"]
[Result "1-0"]
[WhiteElo "1396"]
[BlackElo "1351"]

1. d4 d5 2. Nf3 Nf6 3. Ng5 Bf5 4. e3 e6 5. Nc3 Ne4 6. Ncxe4 dxe4 7. h4 Bd6 8.
Qh5 g6 9. Qe2 h6 10. Nh3 Nc6 11. g4 Bxg4 12. Qxg4 h5 13. Qd1 Qxh4 14. Bd2 f5 15.
Qe2 a6 16. O-O-O Nb4 17. Bxb4 Bxb4 18. c3 Bd6 19. Qc4 Qf6 20. Qa4+ b5 21. Qc2 g5
22. Rg1 g4 23. Nf4 Rc8 24. d5 exd5 25. Nxd5 Qe6 26. c4 c6 27. Nb6 Rd8 28. cxb5
Kf7 29. Bc4 Qxc4 30. Qxc4+ Kf6 31. Qxc6 axb5 32. Rxd6+ 1-0

[Event "AUTO-INT-1584"]
[Site "http://www.queenalice.com/game.php?id=717037"]
[Date "2010.1.20"]
[Round "1"]
[White "mezthieu"]
[Black "geosus"]
[Result "0-1"]
[WhiteElo "1289"]
[BlackElo "1384"]

1. e4 d5 2. exd5 Qxd5 3. Nc3 Qd8 4. Nf3 Nc6 5. Bc4 e6 6. d4 Nf6 7. Bf4 a6 8. Ne5
Bd6 9. a3 h6 10. d5 Bxe5 11. Qd2 Bxf4 12. Qxf4 exd5 13. Rd1 Be6 14. Qe3 Ng4 15.
Qe2 b5 16. Bxd5 Qd7 17. O-O Qd6 18. g3 O-O 19. Bf3 Qc5 20. Bxg4 Rae8 21. Qf3 Nd4
22. Qf4 Nxc2 23. Ne4 Qb6 24. Rc1 Nd4 25. Rc5 Bxg4 26. Re5 Ne2+ 0-1

[Event "AUTO-INT-1584"]
[Site "http://www.queenalice.com/game.php?id=717044"]
[Date "2010.1.20"]
[Round "1"]
[White "mezthieu"]
[Black "ReidoBaralho"]
[Result "0-1"]
[WhiteElo "1361"]
[BlackElo "1630"]

1. e4 e5 2. Nf3 Bd6 3. Bc4 Nf6 4. Ng5 O-O 5. d3 Bc5 6. Be3 Bxe3 7. fxe3 d5 8.
Bxd5 Nxd5 9. Rf1 Nxe3 10. Qh5 Nxc2+ 11. Kd2 h6 12. Nxf7 Qe7 13. Kxc2 Rxf7 14.
Nc3 Be6 15. Qxe5 Nd7 16. Qxc7 Raf8 17. Rxf7 Qxf7 18. Qxb7 Qf2+ 19. Kc1 Qe3+ 20.
Kc2 Qf2+ 21. Kc1 Qf1+ 22. Nd1 Bg4 23. b3 Qxd1+ 24. Kb2 Qd2+ 25. Ka3 Qxd3 26.
Qd5+ Qxd5 27. exd5 Nb6 28. h3 Be2 29. Kb4 Nxd5+ 30. Kc5 Nb6 31. a4 Rc8+ 32. Kd6
Kf7 0-1

[Event "AUTO-INT-1584"]
[Site "http://www.queenalice.com/game.php?id=717045"]
[Date "2010.1.20"]
[Round "1"]
[White "ReidoBaralho"]
[Black "mezthieu"]
[Result "1-0"]
[WhiteElo "1647"]
[BlackElo "1355"]

1. e4 Nf6 2. e5 Nd5 3. Qf3 e6 4. Nh3 Bc5 5. d3 Nc6 6. Ng5 Nxe5 7. Qh5 g6 8. Qd1
f6 9. Nf3 Ng4 10. d4 Bb4+ 11. c3 h5 12. cxb4 Nxb4 13. a3 Nd5 14. h3 Nh6 15. Bd3
f5 16. Ne5 Qh4 17. Nxg6 Qxd4 18. Nxh8 Qxh8 19. Qxh5+ Nf7 20. Qg6 Ne7 21. Qg3 c6
22. O-O d5 23. Nc3 Ne5 24. Be2 N7g6 25. f4 Qh4 26. Qe3 Ng4 27. hxg4 1-0

[Event "Challenge"]
[Site "http://www.queenalice.com/game.php?id=736840"]
[Date "2010.2.24"]
[Round "-"]
[White "mezthieu"]
[Black "ArzadSharlaan"]
[Result "0-1"]
[WhiteElo "1344"]
[BlackElo "1349"]

1. e4 e5 2. Nf3 Nc6 3. Bc4 Bc5 4. Nc3 Nf6 5. d3 d6 6. Nd5 Be6 7. a3 Qd7 8. c3
Ng4 9. O-O Qd8 10. b4 Bb6 11. Ng5 Qd7 12. Qf3 Rf8 13. Nxh7 Rh8 14. Qh3 Ne3 15.
Qxe3 Rxh7 16. Qg3 O-O-O 17. b5 Ne7 18. Qg5 Bh3 19. Nxe7+ Kb8 20. a4 Bxg2 21.
Kxg2 Qh3+ 22. Kg1 Qxh2# 0-1

[Event "AUTO-INT-1630"]
[Site "http://www.queenalice.com/game.php?id=741127"]
[Date "2010.3.4"]
[Round "1"]
[White "mezthieu"]
[Black "Jomaley"]
[Result "0-1"]
[WhiteElo "1308"]
[BlackElo "1260"]

1. e4 e5 2. Nf3 d6 3. Bc4 Nh6 4. d3 c5 5. Nc3 f5 6. Bg5 Be7 7. Qd2 f4 8. h4 Ng4
9. O-O-O h6 10. Bxf4 exf4 0-1

[Event "AUTO-INT-1630"]
[Site "http://www.queenalice.com/game.php?id=741140"]
[Date "2010.3.4"]
[Round "1"]
[White "galopin"]
[Black "mezthieu"]
[Result "1-0"]
[WhiteElo "1648"]
[BlackElo "1330"]

1. c4 Nf6 2. b3 e5 3. Bb2 Nc6 4. Nf3 d5 5. Nxe5 Bd6 6. Nxc6 bxc6 7. e3 Bf5 8. d4
Bb4+ 9. Bc3 a5 10. Bd3 Qd7 11. O-O Ne4 12. Bxb4 axb4 13. f3 Nc3 14. Nxc3 bxc3
15. e4 dxe4 16. fxe4 Bg4 17. Be2 Be6 18. d5 cxd5 19. cxd5 c2 20. Qxc2 Bg4 21.
Rad1 1-0

[Event "AUTO-INT-1630"]
[Site "http://www.queenalice.com/game.php?id=741141"]
[Date "2010.3.4"]
[Round "1"]
[White "mezthieu"]
[Black "galopin"]
[Result "0-1"]
[WhiteElo "1344"]
[BlackElo "1632"]

1. e4 e5 2. Nf3 f6 3. Bc4 Bc5 4. d3 c6 5. Nc3 Ne7 6. Be3 Bxe3 7. fxe3 d6 8. Nh4
b5 9. Qh5+ g6 10. Qh6 g5 11. Qg7 Rf8 12. Rf1 bxc4 13. O-O-O cxd3 14. Rxd3 gxh4
15. Qxh7 Ba6 16. Qh5+ Kd7 17. Qf5+ Kc7 18. Rdd1 Nxf5 19. Rxf5 Rh8 20. h3 Nd7 21.
g4 hxg3 0-1

[Event "AUTO-INT-1630"]
[Site "http://www.queenalice.com/game.php?id=741150"]
[Date "2010.3.4"]
[Round "1"]
[White "mezthieu"]
[Black "betosantos"]
[Result "0-1"]
[WhiteElo "1335"]
[BlackElo "1621"]

1. e4 e5 2. Nf3 Bd6 3. Bc4 h6 4. d3 Nf6 5. Nc3 Bb4 6. Nxe5 O-O 7. O-O Bxc3 8.
bxc3 d6 9. Bxf7+ Rxf7 10. Nxf7 Kxf7 11. c4 Nc6 12. Rb1 b6 13. Bb2 Bg4 14. Qd2
Qd7 15. Rfe1 Re8 16. Bc3 Kg8 17. Qf4 Rf8 18. Re3 Nd5 19. Qg3 Nxc3 20. Rbe1 Nd4
0-1

[Event "AUTO-INT-1630"]
[Site "http://www.queenalice.com/game.php?id=741151"]
[Date "2010.3.4"]
[Round "1"]
[White "betosantos"]
[Black "mezthieu"]
[Result "1-0"]
[WhiteElo "1616"]
[BlackElo "1340"]

1. d4 Nf6 2. h3 Nc6 3. e3 d5 4. Bb5 a6 5. Bxc6+ bxc6 6. Nc3 e6 7. Nf3 a5 8. a3
Ba6 9. Ne5 Bd6 10. Nf3 c5 11. dxc5 Bxc5 12. Na4 Ne4 13. b4 axb4 14. axb4 Bxb4+
15. Bd2 Qd6 16. Rb1 Rb8 17. c3 Nxd2 18. Nxd2 Bd3 19. Rb2 1-0